• 首页
  • 本馆介绍
  • 公告通知
  • 最新文献
  • 馆藏检索
  • 电子资源
  • 读者导购
  • 参考咨询
  • 我的图书馆
  • 登录
  • 详细信息显示
  • 放入我的书架
  • 预约/预借图书
  • 作者相关作品
  • 分类相关作品
  • 丛书相关作品
  • 出版社相关作品

书目信息

  • 表格格式
  • 工作单格式
  • 卡片格式
题名:
随机过程基础
    
 
作者: 王家生 , 刘嘉焜 编
分册:  
出版信息: 天津   天津大学出版社  2003
页数: 199页
开本: 24cm
丛书名:
单 册:
中图分类: O211.6
科图分类:
主题词: 随机过程--高等学校--教材
电子资源:
ISBN: 7-5618-1735-5
000 00821nam0 2200241 45
001 030000000243
005 20051115165221.32
010    @a7-5618-1735-5@dCNY17.00
092    @aCN
100    @a20030809d2003 em y0chiy0120 ea
101 0  @achi
102    @aCN@b120000
105    @ak z 000yy
200 1  @a随机过程基础@9sui ji guo cheng ji chu@f王家生,刘嘉焜编@Fwang jia sheng,liu jia kun bian
210    @a天津@c天津大学出版社@d2003
215    @a199页@c图@d24cm
330    @a本书是为工科院校研究生及本科生学习随机过程而编写的。内容包括概率论的基本知识、随机过程的基本概念、Markov链、平稳过程和时间序列分析。
606 0  @a随机过程@x高等学校@x教材
690    @aO211.6@v4
701  0 @a王家生@Awang jia sheng@4编
701  0 @a刘嘉焜@Aliu jia kun@4编
801  0 @aCN@bCXYBOOK@c20051115
905    @a10447@dO211.6@e168
    
    随机过程基础/王家生,刘嘉焜编.-天津:天津大学出版社,2003
    199页:图;24cm
    
    
    ISBN 7-5618-1735-5:CNY17.00
    本书是为工科院校研究生及本科生学习随机过程而编写的。内容包括概率论的基本知识、随机过程的基本概念、Markov链、平稳过程和时间序列分析。
●
相关链接 在E读中查询图书 在五车中查询图书 在当当中查询图书 在豆瓣中查询图书


正题名:随机过程基础     索取号:O211.6/168         预约/预借

序号 登录号 条形码 馆藏地/架位号 状态 备注
1 0367867   203678671   第二样本阅览室/ [索取号:O211.6/168] 在馆    
2 0367868   203678680   第三借阅区/ [索取号:O211.6/168] 在馆    
3 0367869   203678699   第三借阅区/ [索取号:O211.6/168] 在馆    
唐山师范学院图书馆 欢迎您!
大连网信软件有限公司© 版权所有